=LDR 00000nam 2200000 4500 =001 INLIS000000000043818 =005 20201014082254 =035 ##$$a 0010-101300000001740 =008 201014################g##########0#ind## =041 ##$$a ind =082 ##$$a 320.959 8 =090 ##$$a 320.959 8, Lan i =100 1#$$a Langie, GSSJ Ratu =245 1#$$a Indonesia di Pasifik : $b analisa masalah-masalah pokok Asia Pasifik, /$c Dr. G.S.S.J. Ratu Langie =260 ##$$a Jakarta :$b Pustaka Sinar Harapan,$c 1982 =300 ##$$a 167 hlm. : $b ilus ; $c 14,5x20,5 cm. =650 #4$$a Politik Indonesia =850 ##$$a NBPNMAT =084 ##$$a 320.959 8 LAN i =990 ##$$a 72.972 pro.94 =990 ##$$a 116.262 pro.97 =990 ##$$a 116.261/pro. 97 =990 ##$$a 72.971 pro,94 =990 ##$$a 116.260 pro.97